| 000 | 00367nam a2200145Ia 4500 | ||
|---|---|---|---|
| 005 | 20250405112808.0 | ||
| 008 | 240331s9999 xx 000 0 und d | ||
| 082 |
_bSUB _a894 |
||
| 100 | _aSubramanyam, K.N | ||
| 245 | 0 | _aKalai nutpangal | |
| 260 |
_aMadras _bVel Publication _c1988 |
||
| 300 | _aXiv, 192 p ., | ||
| 500 | _aA Collection of essays in tamil | ||
| 942 | _cL | ||
| 999 |
_c4035 _d4035 |
||